Statistics for World capitals that start with L

Click here to take the quiz!

General Stats

  • This quiz has been taken 26 times
  • The average score is 9 of 11

Answer Stats

HintAnswer% Correct
PeruLima
100%
PortugalLisbon
100%
United KingdomLondon
100%
SloveniaLjubljana
96%
LuxembourgLuxembourg
96%
BoliviaLa Paz
88%
AngolaLuanda
72%
TogoLomé
68%
MalawiLilongwe
64%
ZambiaLusaka
64%
GabonLibreville
60%

Score Distribution

Percentile by Number Answered

Percent of People with Each Score

Your Score History

You have not taken this quiz